00518nam a2200133Ia 4500008004100000100002100041245009900062245007400161260005300235260000900288300001100297650001500308856006100323170221s9999 xx 000 0 und d aGhazal Bargshady 2aA Relational Study of Supply Chain Agility and Firms’ Performance in the Services Providers  cGhazal Bargshady, Ali Chegeni, Shayan Kamranvand, Seyed Mojib Zahraee bInternational Review of Management and Marketing c2016 a6 : 4S xMarketing. uhttp://www.econjournals.com/index.php/irmm/issue/view/77